IV encuentro nacional de estudios del discurso: voces para el discurso del mañana

Salvato in:
Dettagli Bibliografici
Ente Autore: Pontificia Universidad Católica de Valparaíso (Autore)
Natura: Libro
Lingua:spagnolo
Pubblicazione: Valparaíso Pontificia Universidad Católica de Valparaíso 2006
Edizione:1a. ed
Soggetti:
Tags: Aggiungi Tag
Nessun Tag, puoi essere il primo ad aggiungerne!!

MARC

LEADER 00000nam a2200000 a 4500
001 UCJ1991
003 CL-VaPUC
005 20231128114029.0
008 061124e20060000cl 1 spa d
082 0 4 |a 401.41  |b PON  |2 21 
110 2 |a Pontificia Universidad Católica de Valparaíso  |e author  |9 620900 
245 1 0 |a IV encuentro nacional de estudios del discurso: voces para el discurso del mañana 
250 |a 1a. ed 
260 |a Valparaíso  |b Pontificia Universidad Católica de Valparaíso  |c 2006 
300 |a 62 p 
583 |a last modification  |c 20061124 00:00:00  |k Rodrigo Vera 
650 0 0 |a Investigación lingüística  |9 329785 
650 0 0 |a Análisis del discurso  |9 256696 
650 0 0 |a Sociolingüística  |9 263716 
650 0 0 |a Idioma español  |9 309143 
942 |c BK 
945 |a cmena  |d 20061124 00:00:00 
546 |a En Español 
536 |a ALED Chile 
536 |a Pontificia Universidad Católica de Valparaíso 
518 |p Encuentro Nacional de Estudios del Discurso: Voces para el Discurso del Mañana, 4, Valparaíso, 6 al 8 de noviembre de 2006 
999 |c 384210  |d 384208 
952 |0 0  |1 0  |4 0  |6 401_410000000000000_PON_2006  |7 0  |8 A  |9 506818  |a FDOPOS  |b FDOPOS  |d 2020-01-23  |i 4301153  |o 401.41 PON 2006  |p 4301153  |r 2025-01-22  |w 2020-01-23  |y BK  |k MLA 
952 |0 0  |1 0  |4 0  |6 401_410000000000000_PON_2006  |7 0  |8 A  |9 506819  |a FDOPOS  |b FDOPOS  |d 2020-01-23  |i 4301161  |o 401.41 PON 2006  |p 4301161  |r 2025-01-22  |w 2020-01-23  |y BK  |k MLA 
952 |0 0  |1 0  |4 0  |6 401_410000000000000_PON_2006  |7 0  |8 A  |9 506820  |a FDOPOS  |b FDOPOS  |d 2020-01-23  |i 430117K  |o 401.41 PON 2006  |p 430117K  |r 2025-01-22  |w 2020-01-23  |y BK  |k MLA 
952 |0 0  |1 0  |4 0  |6 401_410000000000000_PON_2006  |7 0  |8 A  |9 506821  |a FDOPOS  |b FDOPOS  |d 2020-01-23  |i 4301188  |o 401.41 PON 2006  |p 4301188  |r 2025-01-22  |w 2020-01-23  |y BK  |k MLA